Państwa z prawem szariatu - Statystyki

Ogólne statystyki
  • Ten quiz został rozwiązany 3 940 razy
  • Średni wynik to 7 z 11
Statystyki odpowiedzi
Państwo % Poprawnych
Iran
95%
Arabia Saudyjska
94%
Irak
94%
Afganistan
86%
Jemen
84%
Pakistan
82%
Katar
80%
Sudan
50%
Mauretania
31%
Malediwy
21%
Brunei
20%
Nie znaleziono quizów pasujących do podanych kryteriów
Rozkład punktacji
Procent ludzi z każdym wynikiem
Percentyl według liczby udzielonych odpowiedzi
Twoja historia wyników
Nie rozwiązałeś tego quizu